000 00457nam a2200193Ia 4500
005 20240823013900.0
008 240823s9999||||xx |||||||||||||| ||und||
020 _a81-85749-99-X
041 _aENGLISH
082 _A658.562P5
100 _aArora K C
245 0 _aTotal Quality Management
250 _a2nd
260 _c2005
_b"Kataria S K,"
_aDelhi
500 _aTRANSFERED
650 _aTQM
_bManagement Studies
942 _cBK
999 _c168497
_d168497